000 00420nam a2200157Ia 4500
008 100204s9999 xx 000 0 und d
082 _b28275
100 _aराऊत भारतकुमार
245 _aअशी ही मुंबई
250 _a0
260 _c2008
300 _a141
630 _aअशी ही मुंबई
730 _aअशी ही मुंबई
942 _cBOOK
999 _c473440
_d473437